Normal view
MARC view
- Target acquisition
Entry Topical Term
001 - CONTROL NUMBER
- control field: 99334
003 - CONTROL NUMBER IDENTIFIER
- control field: NUST
005 - DATE AND TIME OF LATEST TRANSACTION
- control field: 20221006144831.0
008 - FIXED-LENGTH DATA ELEMENTS
- fixed length control field: 221006|| aca||aabn | a|a d
040 ## - CATALOGING SOURCE
- Original cataloging agency: NUST
- Transcribing agency: NUST
150 ## - HEADING--TOPICAL TERM
- Topical term or geographic name entry element: Target acquisition
670 ## - SOURCE DATA FOUND
- Source citation: Work cat.: (NUST)175893: Poisel, Richard. 99332, Electronic warfare target location methods /, c2005.
